000 04952nas a22004095i 4500
001 1748-5908
003 DE-He213
005 20260304140629.0
007 cr nn 008mamaa
008 150723s||||||||xxkuu poo|||||| b|EN |d
022 _a1748-5908
024 7 _a13012
_2local
210 1 0 _aImplementation Sci
245 1 0 _aImplementation Science
_h[electronic resource] /
_cedited by M. Wensing, Paul Wilson, Rinad Beidas.
264 1 _aLondon :
_bBioMed Central :
_bImprint: BioMed Central.
300 _bonline resource.
520 _aImplementation Science publishes research relevant to the scientific study of methods to promote the uptake of research findings into routine healthcare in clinical, organizational, or policy contexts. Applied health related research constantly produces new findings but often these are not routinely translated into healthcare practice. Implementation research is the scientific study of methods to promote the systematic uptake of proven clinical treatments, practices, organizational, and management interventions into routine practice, and hence to improve health. This also encompasses the de-implementation of interventions demonstrated to be of low or no clinical benefit and the study of influences on patient, healthcare professional, and organizational behavior in either healthcare or population settings. The lack of routine uptake of research findings is strategically important for the development of healthcare because it clearly places an invisible ceiling on the potential for research to enhance health. Further, it is scientifically important because it identifies the behavior of healthcare professionals and healthcare organizations as key sources of variance requiring improved empirical and theoretical understanding before effective uptake can be reliably achieved. Implementation science is an inherently interdisciplinary research area, and the journal is not constrained by any particular research tradition. Implementation Science publishes articles of high scientific rigor using the most appropriate methods to produce valid, generalizable answers to research questions. As well as hosting papers describing the effectiveness of implementation interventions, Implementation Science provides a unique home for rigorous and large-scale intervention development, evaluations of the process by which effects are achieved, economic evaluations of implementation, and the role of theory relevant to implementation research. The journal is also interested in publishing articles that present novel methods (particularly those that have a theoretical basis) for studying implementation processes and interventions. We are also interested in receiving articles that address methodologically robust study of the de-implementation of ineffective clinical and organizational practices. We welcome study protocols of large and innovative research, but these will only be considered if the study is received within 12 months of ethics approval and been approved for funding through external peer review via an established funding body at the national level in the respective country. We do not consider protocols for systematic reviews. We are advocates for theoretically informed research. When deploying specific theories and frameworks in studies the rationale for use needs to be convincingly presented. We also expect that authors should ensure that these are not applied in a superficial, tokenistic fashion. Instead, we recommend an in-depth engagement with selected theories and frameworks throughout the manuscript. Implementation Science and Implementation Science Communications are both increasingly reluctant to publish studies that categorize data according to a framework without offering interpretations that relate to the underlying theory. Theories and frameworks should explicitly inform research aims and objectives, guide data collection and data analysis, shape the presentation of findings, and provide a basis for articulating the study’s contribution in the discussion section.
650 0 _aMedical care.
650 0 _aPublic health.
650 0 _aMedical informatics.
650 0 _aMedical policy.
650 0 _aPublic health administration.
650 0 _aMedicine, Preventive.
650 0 _aHealth promotion.
650 1 4 _aHealth Care.
650 2 4 _aPublic Health.
650 2 4 _aHealth Informatics.
650 2 4 _aHealth Policy.
650 2 4 _aHealth Administration.
650 2 4 _aHealth Promotion and Disease Prevention.
700 1 _aWensing, M.
_eeditor.
_4edt
_4http://id.loc.gov/vocabulary/relators/edt
_924079
700 1 _aWilson, Paul.
_eeditor.
_4edt
_4http://id.loc.gov/vocabulary/relators/edt
_924080
700 1 _aBeidas, Rinad.
_eeditor.
_4edt
_4http://id.loc.gov/vocabulary/relators/edt
_924081
710 2 _aSpringerLink (Online service)
856 4 0 _uhttps://implementationscience.biomedcentral.com
_zOpen Access
999 _c460235
_d460235